Представление документа в формате MARC21

Поле Инд. ПП Название Значение
Тип записи a
Библиографический уровень b
001 Контрольный номер RU/IS/BASE/234634876
005 Дата корректировки 20200522191125.5
040 b Код языка каталог. rus
e Правила каталог. PSBO
041 0_ a Код языка текста rus
084 a Индекс другой классификации/Индекс ББК 81.471.1-2
100 1_ a Автор Дубнякова О. А.
245 10 a Заглавие Личная конструкция avoir + N, выражающая состояние, во французском языке
b Продолж. заглавия (психосемантический подход)
504 a Библиография Библиогр. - Примеч.: с. 140 - 141
650 04 a Основная рубрика грамматика
a Основная рубрика филологические науки
a Основная рубрика французский язык
a Основная рубрика частное языкознание
a Основная рубрика языкознание
653 0_ a Ключевые слова вспомогательные глаголы
a Ключевые слова глагольные конструкции
a Ключевые слова личная конструкция
a Ключевые слова ментальное состояние
a Ключевые слова модальное состояние
a Ключевые слова нулевой артикль
a Ключевые слова психическое состояние
a Ключевые слова психосемантика
a Ключевые слова психосемантический подход
a Ключевые слова физическое состояние
a Ключевые слова частичный артикль
773 0_ t Заглавие источника Вестник Московского университета. Серия 9, Филология
d Дата издания источника 2006
g Прочая информация № 5. - С. 135 - 141
w Контрольный № источника RU/IS/BASE/220371624
901 t Тип документа b